000 00276nam a22001337a 4500
008 170802b xxu||||| |||| 00| 0 eng d
020 _a9783827258618
041 _aeng
080 _a004
100 _a32
101 _aSHKI
245 _aJAVA 2
_cSTEYER, R
942 _2udc
_cBK
999 _c22485
_d22485